| Поле | Название | Значение |
| |
Тип записи |
a |
| |
Библиографический уровень |
m |
| 001 |
Контрольный номер |
RU\infra-m\znanium\bibl\2186716 |
| 005 |
Дата корректировки |
20260429142113.6 |
| 008 |
Кодируемые данные |
260217s2025 RU g rus u |
| 020 |
Индекс ISBN |
__ |
| a |
ISBN |
978-5-16-020630-1 |
| 020 |
Индекс ISBN |
__ |
| a |
ISBN |
978-5-16-113299-9 (электр. издание) |
| 040 |
Источник каталогиз. |
__ |
| a |
Служба первич. каталог. |
Общество с ограниченной ответственностью «ЗНАНИУМ» |
| 041 |
Код языка издания |
__ |
| a |
Код языка текста |
rus |
| 044 |
Код страны публикации |
__ |
| a |
Код страны публикации |
RU |
| 080 |
Индекс УДК |
__ |
| a |
Индекс УДК |
623.418.22(075.8) |
| 084 |
Индекс другой классификации/Индекс ББК |
__ |
| 2 |
Источник индекса |
rubbk |
| a |
Индекс другой классификации/Индекс ББК |
68.514я73 |
| 084 |
Индекс другой классификации/Индекс ББК |
__ |
| 2 |
Источник индекса |
okso |
| a |
Индекс другой классификации/Индекс ББК |
56.04.03 |
| 084 |
Индекс другой классификации/Индекс ББК |
__ |
| 2 |
Источник индекса |
okso |
| a |
Индекс другой классификации/Индекс ББК |
56.05.01 |
| 100 |
Автор |
__ |
| a |
Автор |
Мельничук В.А. |
| q |
Полное имя |
Мельничук Виктор Алексеевич |
| u |
Дополнение |
Санкт-Петербургский университет Министерства внутренних дел России |
| 245 |
Заглавие |
__ |
| a |
Заглавие |
Подготовка командиров и номеров расчетов подразделений зенитной артиллерии |
| b |
Продолж. заглавия |
Учебное пособие |
| c |
Ответственность |
Санкт-Петербургский университет Министерства внутренних дел России |
| 250 |
Сведения об издании |
__ |
| a |
Основные сведения об издании |
1 |
| 260 |
Выходные данные |
__ |
| a |
Место издания |
Москва |
| b |
Издательство |
ООО "Научно-издательский центр ИНФРА-М" |
| c |
Дата издания |
2026 |
| 300 |
Физическое описание |
__ |
| a |
Объем |
220 с. |
| 440 |
Серия |
__ |
| a |
Серия |
Военное образование |
| 520 |
Аннотация |
__ |
| a |
Аннотация |
Учебное пособие предназначено для подготовки командиров и номеров расчета подразделений зенитной артиллерии. Состоит из двух основных разделов. В первом разделе рассматриваются назначение устройство частей и механизмов зенитной установки ЗУ-23 что позволяет учащимся ознакомиться с конструкцией и принципом работы частей и механизмов зенитной установки. Второй раздел посвящен методике подготовки командиров и номеров расчета к боевому применению ЗУ-23 включая необходимые знания и навыки для эффективного выполнения боевых задач. Предназначено для оказания помощи офицерам и сержантам подразделений зенитной артиллерии в организации и проведении занятий с личным составом по тактической и специальной подготовке. Изложенная методика подготовки номеров расчетов отделений взводов и батарей вооруженных установками ЗУ-23 не исчерпывает всего многообразия форм и способов организации и проведения занятия. |
| 521 |
Примеч. о цел. назн. |
__ |
| a |
Примеч. о целев. назн. |
Профессиональное образование |
| 650 |
Тематические рубрики |
__ |
| a |
Основная рубрика |
Военное дело. Оружие. Спецслужбы |
| x |
Основная подрубрика |
Артиллерия. Минометы |
| 655 |
Указ. предметных рубрик (устаревшее) |
__ |
| a |
Жанр/ форма (устаревшее) |
Учебное пособие |
| 856 |
Электронный адрес документа |
4_ |
| a |
Имя сервера/домена |
znanium.ru |
| m |
Помощь |
ebs_support@infra-m.ru |
| n |
Местонахождение сервера |
НИЦ ИНФРА-М |
| u |
URL |
https://znanium.ru/catalog/document?id=465996 |
| 856 |
Электронный адрес документа |
48 |
| a |
Имя сервера/домена |
znanium.ru |
| d |
Путь |
/cover/2186 |
| f |
Электронное имя |
2186716.jpg |
| q |
Тип электронного формата |
image/jpeg |
| u |
URL |
https://znanium.ru/cover/2186/2186716.jpg |
| 911 |
|
__ |
| u |
|
0030=https://znanium.ru/catalog/document?id=465996 |